000 00468nam a2200181Ia 4500
008 090124s9999 xx 000 0 und d
082 _b119184
100 _aकाळे वैजयंती.
245 _a मदहोश
250 _a1
260 _c1982
300 _a235
600 _aकाळे वैजयंती.
630 _a मदहोश
700 _aकाळे वैजयंती.
730 _a मदहोश
942 _cBOOK
999 _c165270
_d165270